000 00205nam a2200085Ia 4500
008 120527s9999 xx 000 0 und d
100 _aGregory &Stuart
245 _aComparative Economics systems
942 _cBK
999 _c27086
_d27086